| 000 | 00348nam a22001217a 4500 | ||
|---|---|---|---|
| 999 |
_c18366 _d18366 |
||
| 008 | 200727b xxu||||| |||| 00| 0 eng d | ||
| 020 | _a0470530689 | ||
| 050 |
_aQA279 _b.D47 2012 c.1 |
||
| 245 |
_aDesign and analysis of experinments _cEdited by Klaus Hinkelmann |
||
| 260 |
_aHoboken _bJohn Wiley _c2012 |
||
| 300 | _axxvii, 555p. | ||
| 942 |
_2lcc _cBK |
||